| 000 | 01411nam a22003617a 4500 | ||
|---|---|---|---|
| 001 | 6229 | ||
| 003 | FISKH | ||
| 005 | 20250821134837.0 | ||
| 008 | 250403b cb ||||| |||| 00| 0 eng d | ||
| 020 | _a0380600129 | ||
| 040 |
_aDLC _cDLC _dDLC _beng |
||
| 050 | _aPZ7.B2262 I | ||
| 082 | _a823.914 | ||
| 100 | 1 |
_aBanks, Lynne Reid _d(1929-2024) |
|
| 245 | 1 | 4 |
_aThe Indian in the cupboard / _cLynne Reid Banks |
| 250 | _aThis edition first published in 1982 | ||
| 260 |
_aNew York : _bAn Avon, _c1980. |
||
| 300 |
_a181 pages : _billustrations ; _c20 cm |
||
| 505 | _aR | ||
| 520 | _aA nine-year-old boy receives a plastic Indian, a cupboard, and a little key for his birthday and finds himself involved in adventure when the Indian comes to life in the cupboard and befriends him. | ||
| 521 | 8 |
_a780
_bLexile |
|
| 521 | 8 |
_aR
_bRaz-Plus |
|
| 650 | 1 |
_aIndians of North America _xFiction. |
|
| 650 | 1 |
_aToys _xFiction. |
|
| 650 | 1 |
_aMagic _xFiction. |
|
| 700 | 1 |
_aCole, Brock _dillustrator |
|
| 856 | 4 | 2 |
_3Publisher description _uhttp://www.loc.gov/catdir/description/random043/79006533.html |
| 856 | 4 | 2 |
_3Contributor biographical information _uhttp://www.loc.gov/catdir/enhancements/fy0913/79006533-b.html |
| 856 | 4 | 1 |
_3Sample text _uhttp://www.loc.gov/catdir/enhancements/fy1003/79006533-s.html |
| 906 |
_a7 _bcbc _corignew _du _eocip _f19 _gy-gencatlg |
||
| 942 |
_2ddc _cBK _n0 |
||
| 999 |
_c6229 _d6229 |
||